Kirby Characters Quiz - Statistics

General Stats
  • This quiz has been taken 419 times
  • The average score is 17 of 22
Answer Stats
Description Character % Correct
Titular character of the series Kirby
100%
Self proclaimed King of Dreamland King Dedede
97%
Honor-bound defender of Dreamland Meta Knight
96%
Loyal and adorable servants of above Waddle Dee
92%
Key bandana-wearing ally of Kirby Bandana Dee
90%
Jester-like enemy who betrays you Marx
90%
Giant sentient tree Whispy Woods
88%
Cycloptic variant of above Waddle Doo
80%
Giant hamster ally Rick
78%
Giant owl ally Coo
76%
Angry flying cloud with one eye Kracko
76%
Greatest and most powerful warrior in the galaxy Galacta Knight
75%
Goofy amorphous blob Gooey
75%
Giant sunfish ally Kine
74%
Assistant, later CEO, of Haltmann Enterprises Susie
73%
Butterfly that can absorb any creature in comes in contact with Morpho Knight
70%
Tall egg-shaped mid-boss dressed in chef's attire Chef Kawasaki
69%
Young painter whose paintings come to life Adeleine
67%
Overarching enemy of the Kirby series Dark Matter
66%
Fairy ally, titular hero's love interest Ribbon
64%
Spider-like enemy who uses strings to control people Taranza
64%
Caped blue alien who ends up turning evil Magalor
58%
No matching quizzes found
Score Distribution
Percent of People with Each Score
Percentile by Number Answered
Your Score History
You have not taken this quiz